HOW TO CLIMB 5.12 (Record no. 57547)

000 -LEADER
fixed length control field 00424nam a22001817a 4500
003 - CONTROL NUMBER IDENTIFIER
control field MPLRDC
005 - DATE AND TIME OF LATEST TRANSACTION
control field 20220104165639.0
008 - FIXED-LENGTH DATA ELEMENTS--GENERAL INFORMATION
fixed length control field 210129b ||||| |||| 00| 0 eng d
020 ## - INTERNATIONAL STANDARD BOOK NUMBER
International Standard Book Number 0-7627-2576-1
082 ## - DEWEY DECIMAL CLASSIFICATION NUMBER
Classification number 992.77 HOR
100 ## - MAIN ENTRY--PERSONAL NAME
Personal name ERIC J. HORST
245 ## - TITLE STATEMENT
Title HOW TO CLIMB 5.12
Statement of responsibility, etc.
250 ## - EDITION STATEMENT
Edition statement 2ND ED.
260 ## - PUBLICATION, DISTRIBUTION, ETC.
Place of publication, distribution, etc. U.S.A.
Name of publisher, distributor, etc. FALCON GUIDE
Date of publication, distribution, etc. 2003
300 ## - PHYSICAL DESCRIPTION
Other physical details 179
650 ## - SUBJECT ADDED ENTRY--TOPICAL TERM
Topical term or geographic name entry element CLIMBING
942 ## - ADDED ENTRY ELEMENTS (KOHA)
Koha item type Book
-- 992.77 HOR
Holdings
Withdrawn status Lost status Source of classification or shelving scheme Damaged status Not for loan Collection code Home library Current library Shelving location Date acquired Cost, normal purchase price Total Checkouts Full call number Barcode Date last seen Date last checked out Price effective from Koha item type Public note
            Malaysian Public Library, Research and Development Centre Malaysian Public Library, Research and Development Centre   10/12/2007 59.90   992.77 HOR E0001994 18/03/2021 30/04/2013 18/03/2021 Book mplrdc

© 2022. Malaysian Public Library, Research and Development Centre. All Right ReservedE-mailmplrdc@help.edu.my 

Powered by Koha